000 01224nam a22002417a 4500
005 20240814173943.0
008 s2544 th tha d
020 _a9740083463
040 _aNALT
041 _atha
100 0 _aนันทวัฒน์ บรมานันท์
245 1 0 _aสารานุกรมรัฐธรรมนูญแห่งราชอาณาจักรไทย (พ.ศ.2540) หมวดองค์กรทางการเมือง เรื่อง 12 การออกเสียงประชามติ
260 3 _aกรุงเทพฯ :
_bสถาบันพระปกเกล้า,
_c2544
300 _a45 หน้า ;
_b 21 ซม.
650 0 4 _aการออกเสียงประชามติ -- ไทย
650 0 4 _aประชามติ
650 0 4 _aรัฐธรรมนูญ -- ไทย -- สารานุกรม
650 0 4 _aรัฐธรรมนูญไทย -- 2540 -- การออกเสียงประชามติ
850 _aNALT
942 _cLB
_03
_2lcc
999 _c19011
_d19011
998 _j25
_k นีลวัสน์ อินทรักษา
090 _aKD32/2540 พ343ส 2544 ม.4/12